Statistics for Songs Off of "To Pimp a Butterfly"

Click here to take the quiz!

General Stats

  • This quiz has been taken 326 times
  • The average score is 12 of 16

Answer Stats

HintAnswer% Correct
15i
95%
6u
93%
1Wesley's Theory
92%
3King Kunta
89%
2For Free
87%
7Alright
86%
5These Walls
83%
16Mortal Man
81%
4Institutionalized
77%
8For Sale?
76%
9Momma
76%
13The Blacker the Berry
76%
11How Much a Dollar Cost
65%
10Hood Politics
64%
14You Ain't Gotta Lie
56%
12Complexion (A Zulu Love)
45%

Score Distribution

Percentile by Number Answered

Percent of People with Each Score

Your Score History

You have not taken this quiz